[Event "COL-ch sf"]
[Site "Medellin"]
[Date "2018.03.18"]
[Round "9"]
[White "Sarmiento Mojica, Leidy Carolina"]
[Black "Torres Rojas, Yuber Andres"]
[Result "0-1"]
[WhiteElo "1734"]
[BlackElo "2071"]
[PlyCount "84"]
[EventDate "2018.03.14"]
[EventType "swiss"]
[EventRounds "10"]
[EventCountry "COL"]
[SourceTitle "CBM 183 Extra"]
[Source "ChessBase"]
[SourceDate "2018.04.19"]
[SourceVersion "1"]
[SourceVersionDate "2018.04.19"]
[SourceQuality "1"]

1. e4 e5 2. Nf3 Nc6 3. Bc4 Bc5 4. c3 d6 5. h3 Nf6 6. d3 0-0 7. 0-0 a6 8. Bb3 h6 9. Be3 Ba7 10. Nbd2 Kh8 11. Re1 Bxe3 12. Rxe3 Nh7 13. d4 Qf6 14. Nc4 b5 15. dxe5 dxe5 16. Ncd2 Na5 17. Bc2 Be6 18. b3 c5 19. a4 Rad8 20. Qe2 c4 21. b4 Nc6 22. Nf1 Rd6 23. Ng3 Rfd8 24. a5 Ng5 25. Nxg5 Rd2 26. Qf3 Qxg5 27. Rc1 Ne7 28. Nf1 R2d6 29. Qg3 Qxg3 30. Rxg3 Ng6 31. Kh2 Nf4 32. Rf3 g5 33. Kh1 Kg8 34. Ra1 Kf8 35. Re3 Ke7 36. Kg1 h5 37. Ree1 f6 38. Rab1 h4 39. f3 Rd2 40. Nxd2 Rxd2 41. Rbc1 Rxg2+ 42. Kh1 Bxh3 0-1

[Event "COL-ch Amateur U2300"]
[Site "Bogota"]
[Date "2018.02.15"]
[Round "1"]
[White "Otalora Pacheco, Carlos Eduardo"]
[Black "Torres Rojas, Yuber Andres"]
[Result "1/2-1/2"]
[WhiteElo "2177"]
[BlackElo "2021"]
[PlyCount "24"]
[EventDate "2018.02.15"]
[EventType "swiss"]
[EventRounds "7"]
[EventCountry "COL"]
[SourceTitle "EXT 2024"]
[Source "ChessBase"]
[SourceDate "2023.10.10"]
[SourceVersion "1"]
[SourceVersionDate "2023.10.10"]
[SourceQuality "1"]

1. d4 d6 2. c4 e5 3. Nc3 exd4 4. Qxd4 Nc6 5. Qd1 g6 6. b3 Bg7 7. Bb2 Nge7 8. Qd2 0-0 9. g3 Re8 10. Bg2 Ne5 11. Nf3 N7c6 12. 0-0 Bg4 1/2-1/2

[Event "Tunja Liga Boyaca"]
[Site "Tunja"]
[Date "2017.12.17"]
[Round "6.10"]
[White "Torres Rojas, Yuber Andres"]
[Black "Hernandez, Jeronimo"]
[Result "1/2-1/2"]
[WhiteElo "2016"]
[BlackElo "1699"]
[PlyCount "23"]
[EventDate "2017.12.14"]
[EventType "swiss"]
[EventRounds "7"]
[EventCountry "COL"]
[SourceTitle "EXT 2024"]
[Source "ChessBase"]
[SourceDate "2023.10.10"]
[SourceVersion "1"]
[SourceVersionDate "2023.10.10"]
[SourceQuality "1"]

1. e4 c6 2. d4 d5 3. Bd3 dxe4 4. Bxe4 Nf6 5. Bf3 Bf5 6. c3 e6 7. Ne2 Bd6 8. Bg5 Nbd7 9. Nd2 h6 10. Nc4 Be7 11. Bc1 Nd5 12. Bh5 1/2-1/2

[Event "Tunja Liga Boyaca"]
[Site "Tunja"]
[Date "2017.12.16"]
[Round "4.8"]
[White "Torres Rojas, Yuber Andres"]
[Black "Vargas, Mauricio"]
[Result "1-0"]
[WhiteElo "2016"]
[BlackElo "2198"]
[PlyCount "56"]
[EventDate "2017.12.14"]
[EventType "swiss"]
[EventRounds "7"]
[EventCountry "COL"]
[SourceTitle "EXT 2024"]
[Source "ChessBase"]
[SourceDate "2023.10.10"]
[SourceVersion "1"]
[SourceVersionDate "2023.10.10"]
[SourceQuality "1"]

1. e4 c5 2. Nc3 Nc6 3. g3 g6 4. Bg2 Bg7 5. d3 d6 6. f4 e5 7. Nh3 Nf6 8. Be3 Nd4 9. fxe5 dxe5 10. 0-0 Ng4 11. Bc1 h5 12. Nd5 h4 13. c3 Nc6 14. gxh4 f6 15. Qe1 Ne7 16. Nxe7 Qxe7 17. Qg3 Be6 18. Nf2 Nxf2 19. Qxf2 0-0-0 20. Be3 b6 21. d4 cxd4 22. cxd4 Kb8 23. dxe5 Rhf8 24. exf6 Rxf6 25. Bf4+ Kc8 26. Rac1+ Kd7 27. Rc7+ Ke8 28. Rxe7+ Kxe7 1-0

[Event "American Continental 13th"]
[Site "Medellin"]
[Date "2017.06.10"]
[Round "1"]
[White "Torres Rojas, Yuber Andres"]
[Black "Terry, Renato"]
[Result "0-1"]
[WhiteElo "2022"]
[BlackElo "2454"]
[PlyCount "72"]
[EventDate "2017.06.10"]
[EventType "swiss"]
[EventRounds "11"]
[EventCountry "COL"]
[SourceTitle "CBM 178 Extra"]
[Source "ChessBase"]
[SourceDate "2017.06.22"]
[SourceVersion "1"]
[SourceVersionDate "2017.06.22"]
[SourceQuality "1"]

1. e4 e6 2. d4 d5 3. Bd3 dxe4 4. Bxe4 Nf6 5. Bf3 Nbd7 6. Ne2 e5 7. 0-0 Bd6 8. Ng3 0-0 9. Re1 Re8 10. d5 Nb6 11. Nc3 Bb4 12. Bg5 h6 13. Bxf6 Qxf6 14. Qd3 Bd7 15. a3 Bf8 16. Nb5 Qd8 17. Rad1 a6 18. Nc3 Rb8 19. Be4 Nc8 20. Bf5 Bxf5 21. Qxf5 g6 22. Qg4 Bg7 23. Qa4 f5 24. Nce2 Nd6 25. f4 Qh4 26. Rf1 g5 27. Nc3 exf4 28. Nge2 Re7 29. Nd4 Bxd4+ 30. Qxd4 Rbe8 31. Qf6 Rf7 32. Qg6+ Kh8 33. Rd3 g4 34. Rxf4 Re1+ 35. Rf1 Rxf1+ 36. Kxf1 Rf6 0-1

[Event "COL-ch U20"]
[Site "Bogota"]
[Date "2017.03.18"]
[Round "4"]
[White "Gallego, Julian Andres"]
[Black "Torres Rojas, Yuber Andres"]
[Result "1/2-1/2"]
[WhiteElo "1906"]
[BlackElo "2053"]
[PlyCount "41"]
[EventDate "2017.03.16"]
[EventType "swiss"]
[EventRounds "7"]
[EventCountry "COL"]
[SourceTitle "CBM 177 Extra"]
[Source "ChessBase"]
[SourceDate "2017.04.27"]
[SourceVersion "1"]
[SourceVersionDate "2017.04.27"]
[SourceQuality "1"]

1. d4 Nf6 2. Nf3 d5 3. c4 e6 4. Nc3 Be7 5. Bg5 0-0 6. e3 c6 7. Qc2 Nbd7 8. Bd3 h6 9. Bh4 b6 10. 0-0 Bb7 11. Rac1 Rc8 12. Rfd1 Nh5 13. Bxe7 Qxe7 14. Ne5 Nhf6 15. Qe2 c5 16. cxd5 Nxe5 17. dxe5 Nxd5 18. Nb5 Ba6 19. Nd6 Bxd3 20. Rxd3 Rcd8 21. Rcd1 1/2-1/2

[Event "COL-ch U20"]
[Site "Bogota"]
[Date "2017.03.17"]
[Round "3"]
[White "Torres Rojas, Yuber Andres"]
[Black "Avila Pavas, Santiago"]
[Result "0-1"]
[WhiteElo "2053"]
[BlackElo "2240"]
[PlyCount "66"]
[EventDate "2017.03.16"]
[EventType "swiss"]
[EventRounds "7"]
[EventCountry "COL"]
[SourceTitle "CBM 177 Extra"]
[Source "ChessBase"]
[SourceDate "2017.04.27"]
[SourceVersion "1"]
[SourceVersionDate "2017.04.27"]
[SourceQuality "1"]

1. e4 g6 2. d4 Bg7 3. Nc3 d6 4. f4 a6 5. Nf3 Nc6 6. Be2 d5 7. e5 Bg4 8. Qd2 Bxf3 9. Bxf3 e6 10. Ne2 Rc8 11. c3 Nb8 12. b3 Nd7 13. Ba3 c5 14. dxc5 Nxc5 15. 0-0 Ne7 16. c4 Qb6 17. Kh1 0-0 18. b4 Ne4 19. Bxe4 dxe4 20. c5 Rfd8 21. Qc2 Qc6 22. Nc3 Rd3 23. Rad1 Rcd8 24. Rxd3 exd3 25. Qd2 Rd4 26. Rf3 Bh6 27. Bc1 Nf5 28. Qf2 b6 29. Kg1 bxc5 30. bxc5 Qxc5 31. Rxd3 Qc4 32. Rxd4 Nxd4 33. Qe1 Qxc3 0-1

[Event "COL-ch U20"]
[Site "Medellin"]
[Date "2016.03.18"]
[Round "5"]
[White "Torres Rojas, Yuber Andres"]
[Black "Quinonez Garcia, Santiago"]
[Result "0-1"]
[WhiteElo "2072"]
[BlackElo "2124"]
[PlyCount "72"]
[EventDate "2016.03.16"]
[EventType "swiss"]
[EventRounds "7"]
[EventCountry "COL"]
[SourceTitle "CBM 171 Extra"]
[Source "ChessBase"]
[SourceDate "2016.04.26"]
[SourceVersion "1"]
[SourceVersionDate "2016.04.26"]
[SourceQuality "1"]

1. e4 c5 2. Nc3 g6 3. f4 Bg7 4. Nf3 Nc6 5. Bb5 Nd4 6. Nxd4 cxd4 7. Ne2 Nf6 8. Bd3 d6 9. 0-0 0-0 10. Kh1 e5 11. c3 d5 12. Ng3 exf4 13. Rxf4 dxe4 14. Bxe4 Nxe4 15. Nxe4 Be5 16. d3 Bxf4 17. Bxf4 dxc3 18. bxc3 Bf5 19. Bh6 Bxe4 20. Bxf8 Bxg2+ 21. Kxg2 Qg5+ 22. Kf2 Rxf8 23. d4 Qf4+ 24. Kg2 Re8 25. Qf3 Qd2+ 26. Kg1 Re3 27. Qxb7 Rxc3 28. Qb8+ Kg7 29. Qe5+ Kh6 30. Rf1 f5 31. Re1 Rc2 32. Qg3 Qxd4+ 33. Kh1 Qg4 34. Qe3+ f4 35. Qe4 Rf2 36. Qa8 Qf3+ 0-1

[Event "Bogota Millonario op"]
[Site "Bogota"]
[Date "2015.12.21"]
[Round "6"]
[White "Torres Rojas, Yuber Andres"]
[Black "Becerra, Juan David"]
[Result "0-1"]
[WhiteElo "2019"]
[BlackElo "2217"]
[PlyCount "64"]
[EventDate "2015.12.18"]
[EventType "swiss"]
[EventRounds "9"]
[EventCountry "COL"]
[SourceTitle "EXT 2017"]
[Source "ChessBase"]
[SourceDate "2016.10.25"]
[SourceVersion "1"]
[SourceVersionDate "2016.10.25"]
[SourceQuality "1"]

1. e4 c5 2. Nc3 Nc6 3. f4 g6 4. Nf3 Bg7 5. Be2 d6 6. 0-0 e6 7. Qe1 Nge7 8. Kh1 0-0 9. d3 Nd4 10. Bd1 d5 11. Ne2 Nxf3 12. Rxf3 f5 13. e5 d4 14. c4 Bd7 15. a3 a5 16. Bd2 b5 17. b3 bxc4 18. bxc4 a4 19. Rh3 Qb6 20. Ng1 Qb2 21. Bf3 Rab8 22. Ba5 Rb3 23. Bc7 Nc8 24. Rd1 Qxa3 25. Bd6 Nxd6 26. exd6 Bf6 27. Bc6 Bxc6 28. Qxe6+ Kg7 29. d7 Rb6 30. Nf3 Bxf3 31. Qxb6 Bxd1 32. Qc7 Rd8 0-1

[Event "Bogota University op 9th"]
[Site "Bogota"]
[Date "2015.10.10"]
[Round "6"]
[White "Mateus Urbano, Luis Alejandro"]
[Black "Torres Rojas, Yuber Andres"]
[Result "1-0"]
[WhiteElo "2314"]
[BlackElo "2097"]
[PlyCount "52"]
[EventDate "2015.10.08"]
[EventType "swiss"]
[EventRounds "9"]
[EventCountry "COL"]
[SourceTitle "CBM 168 Extra"]
[Source "ChessBase"]
[SourceDate "2015.10.29"]
[SourceVersion "1"]
[SourceVersionDate "2015.10.29"]
[SourceQuality "1"]

1. e4 e5 2. Nf3 Nc6 3. Bb5 a6 4. Ba4 Nf6 5. 0-0 b5 6. Bb3 Be7 7. Re1 d6 8. c3 Na5 9. Bc2 c5 10. d4 Qc7 11. h3 0-0 12. Nbd2 Ne8 13. Nf1 g6 14. Ne3 Nc6 15. Nd5 Qd8 16. Bh6 Ng7 17. Be3 exd4 18. cxd4 c4 19. Qd2 Bb7 20. Red1 a5 21. Bf4 Nh5 22. Bh2 Re8 23. Nxe7+ Qxe7 24. d5 Ne5 25. Ne1 Nd7 26. f4 a4 1-0

[Event "Bogota University op 9th"]
[Site "Bogota"]
[Date "2015.10.09"]
[Round "3"]
[White "Torres Rojas, Yuber Andres"]
[Black "Munoz Galvez, Jhon Edison"]
[Result "0-1"]
[WhiteElo "2097"]
[BlackElo "2293"]
[PlyCount "58"]
[EventDate "2015.10.08"]
[EventType "swiss"]
[EventRounds "9"]
[EventCountry "COL"]
[SourceTitle "CBM 168 Extra"]
[Source "ChessBase"]
[SourceDate "2015.10.29"]
[SourceVersion "1"]
[SourceVersionDate "2015.10.29"]
[SourceQuality "1"]

1. e4 c5 2. Nc3 a6 3. g3 b5 4. Bg2 Bb7 5. Nge2 e6 6. 0-0 b4 7. Na4 Qc7 8. c3 Nf6 9. d3 a5 10. Bd2 Bc6 11. Re1 Na6 12. f3 Be7 13. Be3 0-0 14. d4 d5 15. e5 Nd7 16. f4 g6 17. cxb4 Bxa4 18. Qxa4 axb4 19. Qd1 c4 20. g4 Qb6 21. Qd2 Nc7 22. Rac1 Ra5 23. b3 c3 24. Qc2 Nb5 25. Rcd1 Na3 26. Qd3 Qa6 27. f5 Qxd3 28. Rxd3 Nc2 29. Bh6 Re8 0-1

[Event "Pan American-ch U18"]
[Site "Cali"]
[Date "2015.07.02"]
[Round "8"]
[White "Torres Rojas, Yuber Andres"]
[Black "Diaz Herrera, Leider Andres"]
[Result "1-0"]
[WhiteElo "2000"]
[BlackElo "1997"]
[PlyCount "73"]
[EventDate "2015.06.28"]
[EventType "swiss"]
[EventRounds "9"]
[EventCountry "COL"]
[SourceTitle "EXT 2016"]
[Source "ChessBase"]
[SourceDate "2015.10.08"]
[SourceVersion "1"]
[SourceVersionDate "2015.10.08"]
[SourceQuality "1"]

1. e4 c5 2. Nc3 e6 3. f4 d5 4. Bb5+ Bd7 5. Bxd7+ Qxd7 6. d3 Nc6 7. Nf3 Nge7 8. 0-0 g6 9. a3 Bg7 10. Ne2 0-0 11. Ng3 dxe4 12. dxe4 Qxd1 13. Rxd1 Rfd8 14. Re1 f5 15. c3 b6 16. Ng5 e5 17. Ne6 Rd6 18. Nxg7 Kxg7 19. fxe5 Re6 20. Bg5 fxe4 21. Bf6+ Kg8 22. Nxe4 Nd5 23. Ng5 Ree8 24. Rad1 Nxf6 25. exf6 Ne5 26. Rf1 Rf8 27. Ne6 Rf7 28. Rf4 h6 29. Rd5 g5 30. Rf1 Ng4 31. Nxg5 Rxf6 32. Re1 Raf8 33. h3 Rf1+ 34. Rxf1 Rxf1+ 35. Kxf1 Ne3+ 36. Kf2 Nxd5 37. Ne4 1-0

[Event "Pan American-ch U18"]
[Site "Cali"]
[Date "2015.06.29"]
[Round "3"]
[White "Bobadilla Viera, Jorge Samuel"]
[Black "Torres Rojas, Yuber Andres"]
[Result "0-1"]
[WhiteElo "2169"]
[BlackElo "2000"]
[PlyCount "76"]
[EventDate "2015.06.28"]
[EventType "swiss"]
[EventRounds "9"]
[EventCountry "COL"]
[SourceTitle "EXT 2016"]
[Source "ChessBase"]
[SourceDate "2015.10.08"]
[SourceVersion "1"]
[SourceVersionDate "2015.10.08"]
[SourceQuality "1"]

1. e4 e5 2. Nf3 Nc6 3. Bb5 a6 4. Ba4 Nf6 5. d4 Nxe4 6. Qe2 f5 7. dxe5 Bc5 8. 0-0 Qe7 9. Nc3 Nxc3 10. bxc3 h6 11. Bb3 b6 12. Re1 g6 13. e6 d6 14. Be3 Bxe3 15. Qxe3 Bb7 16. Bd5 0-0-0 17. a4 Na5 18. Bxb7+ Kxb7 19. Rab1 d5 20. Nd4 Nc4 21. Qd3 Rd6 22. a5 b5 23. Nb3 Rhd8 24. Qd4 Rc6 25. Qf4 Na3 26. Rbc1 Rxc3 27. Qxh6 Nxc2 28. Qd2 d4 29. Nxd4 Rc4 30. Rxc2 Rdxd4 31. Qc1 Rxc2 32. Qxc2 Rd6 33. Qe2 Rc6 34. Qf3 Qb4 35. Rc1 Qe4 36. Qd1 Rxc1 37. Qxc1 Qxe6 38. Qd2 c5 0-1

[Event "COL-chT Cup"]
[Site "Bogota"]
[Date "2015.06.07"]
[Round "4.2"]
[White "Torres Rojas, Yuber Andres"]
[Black "Sarmiento, Carolina"]
[Result "1-0"]
[WhiteElo "2000"]
[BlackElo "1670"]
[PlyCount "53"]
[EventDate "2015.06.06"]
[EventType "team-swiss"]
[EventRounds "6"]
[EventCountry "COL"]
[SourceTitle "CBM 166 Extra"]
[Source "ChessBase"]
[SourceDate "2015.06.18"]
[SourceVersion "1"]
[SourceVersionDate "2015.06.18"]
[SourceQuality "1"]
[WhiteTeam "Shabaku Cun"]
[BlackTeam "Shabaku Colegial"]
[WhiteTeamCountry "COL"]
[BlackTeamCountry "COL"]

1. e4 c5 2. f4 e6 3. Nf3 g6 4. Nc3 Bg7 5. d3 Ne7 6. Be2 Nbc6 7. 0-0 Qc7 8. Qe1 b6 9. Nb5 Qb8 10. e5 Ba6 11. Nd6+ Kf8 12. Ng5 Nd8 13. Bf3 Nec6 14. Qh4 h6 15. Nge4 Nd4 16. Nf6 Nxf3+ 17. Rxf3 Qc7 18. Nfe8 Qc6 19. Nxg7 Kxg7 20. Qf6+ Kg8 21. Qe7 Bb7 22. Rg3 h5 23. Ne8 Rh6 24. f5 h4 25. Bxh6 Kh7 26. Qf8 hxg3 27. Nf6# 1-0

[Event "COL-chT Cup"]
[Site "Bogota"]
[Date "2015.06.06"]
[Round "1.2"]
[White "Rivera, Alberto"]
[Black "Torres Rojas, Yuber Andres"]
[Result "1-0"]
[WhiteElo "2345"]
[BlackElo "2000"]
[PlyCount "73"]
[EventDate "2015.06.06"]
[EventType "team-swiss"]
[EventRounds "6"]
[EventCountry "COL"]
[SourceTitle "CBM 166 Extra"]
[Source "ChessBase"]
[SourceDate "2015.06.18"]
[SourceVersion "1"]
[SourceVersionDate "2015.06.18"]
[SourceQuality "1"]
[WhiteTeam "Bogota"]
[BlackTeam "Shabaku Cun"]
[WhiteTeamCountry "COL"]
[BlackTeamCountry "COL"]

1. d4 d5 2. c4 e6 3. Nc3 Nf6 4. Bg5 c6 5. e3 Be7 6. Nf3 h6 7. Bh4 0-0 8. Bd3 b6 9. 0-0 Bb7 10. Qe2 Nbd7 11. Rfd1 Rc8 12. Rac1 Nh7 13. Bg3 f5 14. cxd5 exd5 15. Ba6 Bxa6 16. Qxa6 Ra8 17. Ne2 c5 18. Nf4 Nhf6 19. Qd3 Ne4 20. Ne6 c4 21. Nxd8 cxd3 22. Ne6 d2 23. Nxd2 Rf7 24. Nc7 Rc8 25. Nf3 Ndf6 26. Nxd5 Rxc1 27. Nxf6+ Bxf6 28. Rxc1 g5 29. Rc8+ Kg7 30. Be5 Rb7 31. Kf1 b5 32. Ke2 a5 33. Rc7+ Rxc7 34. Bxc7 a4 35. Nd2 Kg6 36. Nxe4 fxe4 37. g4 1-0